000 00591nam a2200193Ia 4500
005 20250508170112.0
008 008 250505s9999 xx 000 0 hin d
037 _aTheses
040 _aFEDL
_beng
_cFEDL
041 _ahin
_2eng
084 _a379.111, CHA/TH
_qFEDL
100 _aChaurasiya Sanjay Kukar
_9783016
245 0 _aShiksha neetiyon ke sanderbh mein shiksha ke adhikaar ka aalochnatmak adhyayan
260 _c2020
300 _a205p.
546 _aPh.D Thesis (Delhi University); C D Included
942 _cTH
_h379.111, CHA/TH
999 _c1399228
_d1399228